| Tag |
First Indicator |
Second Indicator |
Subfields |
| LEADER |
00000cam a2200000 4500 |
| 001 |
in00000505421 |
| 005 |
20151013063331.0 |
| 008 |
720331s1968 ilu 00100 eng |
| 010 |
|
|
|a 68024575
|
| 035 |
|
|
|a (OCoLC)00274101
|
| 035 |
|
|
|9 ACD4565AM
|
| 040 |
|
|
|a DLC
|c CNC
|d TXA
|d UtOrBLW
|
| 049 |
|
|
|a TXAM [Also in] [Sp Coll]
|c 1 [800415]
|a TXAS
|c 2 [1095299]
|
| 050 |
0 |
0 |
|a PN1994
|b .C697
|
| 082 |
0 |
|
|a 791.4309
|
| 100 |
1 |
|
|a Crist, Judith.
|
| 245 |
1 |
4 |
|a The private eye, the cowboy, and the very naked girl ;
|b movies from Cleo to Clyde.
|
| 250 |
|
|
|a [lst. ed.].
|
| 264 |
|
1 |
|a Chicago :
|b Holt, Rinehart, and Winston,
|c [1968]
|
| 264 |
|
4 |
|c [©1968]
|
| 300 |
|
|
|a xix, 292 pages ;
|c 22 cm.
|
| 336 |
|
|
|a text
|b txt
|2 rdacontent
|
| 337 |
|
|
|a unmediated
|b n
|2 rdamedia
|
| 338 |
|
|
|a volume
|b nc
|2 rdacarrier
|
| 650 |
|
0 |
|a Motion pictures.
|
| 650 |
|
0 |
|a Motion pictures
|v Reviews.
|
| 999 |
|
|
|a MARS
|
| 999 |
f |
f |
|s 5e13ed32-769d-3947-b9b9-8360694b4e3b
|i e4e65869-66c2-31fb-96ba-82575966f8f5
|t 0
|
| 952 |
f |
f |
|p noncirc
|a Texas A&M University
|b College Station
|c Cushing Memorial Library & Archives
|d Cushing: Dykes (Does not check out)
|t 0
|e PN1994 .C697
|h Library of Congress classification
|i unmediated -- volume
|m A14851756388
|
| 952 |
f |
f |
|p ric
|a Texas A&M University
|b Rellis Campus
|c Joint Library Facility
|d Remote Storage
|t 0
|e PN1994 .C697
|h Library of Congress classification
|i unmediated -- volume
|m A14803687094
|
| 998 |
f |
f |
|a PN1994 .C697
|t 0
|l Cushing: Dykes (Does not check out)
|
| 998 |
f |
f |
|a PN1994 .C697
|t 0
|l Remote Storage
|